000 00543nam a2200169 i 4500
001 42269
003 ES-MaACL
005 20240926201249.0
007 t|
008 030313s1969 sp ||||1| spa d
245 0 0 _aReal cédula por la qual su Majestad funda un colegio de nobles americanos en la ciudad de Granada.
250 _aEd. facsimil.
260 _aMadrid :
_bVda. de Ibarra,
_c1792 (
_eAlmería, Granada :
_fImp. R. Ubeda,
_g1969)
300 _a50 p. ;
_c31 p.
852 _aES-MaACL
_jC-35734
_bR.68480
942 _2udc
_cMONOGRAFIA
999 _c42269
_d42269